| 000 | 01368nam a22003015a 4500 | ||
|---|---|---|---|
| 003 | EG-ScBUE | ||
| 005 | 20211125112041.0 | ||
| 008 | 100701s1988 ua f b 000 0 ara d | ||
| 017 | _a1988 / 8310 | ||
| 040 |
_aEG-ScBUE _bara _erda _cEG-ScBUE _dEG-ScBUE |
||
| 082 | 0 | 4 |
_a892.7 _bهـ ا ر _222 |
| 100 | 1 |
_aهارون، عبد السلام محمد، _d1909-1988، _eمؤلف. |
|
| 245 | 1 | 0 |
_aقطوف أدبية : _bدراسات نقدية في التراث العربي حول تحقيق التراث / _cعبد السلام محمد هارون. |
| 250 | _aالطبعة الأولى. | ||
| 264 | 1 |
_aالقاهرة : _bمكتبة السنة، _c1988. |
|
| 300 |
_a599 صفحة ؛ _c24 سم |
||
| 336 |
_2rdacontent _aنص _btxt |
||
| 337 |
_2rdamedia _aبدون وسيط _bn |
||
| 338 |
_2rdacarrier _aمجلد _bnc |
||
| 500 | _aالكتاب الحادى والعشرون بعد المائة 121 من أعمال العلامة عبد السلام محمد هارون، وهو الأخير من مصنفاته رحمه الله. | ||
| 504 | _aيشتمل على إرجاعات ببليوجرافية. | ||
| 650 | 7 |
_aالأدب العربي _xتاريخ ونقد. _2BUEsh _941806 |
|
| 650 | 7 |
_aالشعر العربي _xتاريخ ونقد. _2BUEsh _934630 |
|
| 651 | _2BUEsh | ||
| 653 |
_bARALIT _bGGEN _cFebruary2018 |
||
| 655 |
_vReading book _934232 |
||
| 942 | _2ddc | ||
| 999 |
_c14326 _d14326 |
||